| 000 | 00748nam a2200193Ia 4500 | ||
|---|---|---|---|
| 008 | 151121s9999||||xx |||||||||||||| ||und|| | ||
| 082 | _a294।5/दाते | ||
| 082 | _bHNW-60658 | ||
| 100 | _aदाते धुंडीराजशास्त्री | ||
| 245 | _aधर्मशास्त्रीय निर्णय | ||
| 260 | _b"सुमंगल, दादर।" | ||
| 260 | _c-- | ||
| 300 | _a152 | ||
| 600 | _aदाते धुंडीराजशास्त्री | ||
| 630 | _aधर्मशास्त्रीय निर्णय | ||
| 700 | _aदाते धुंडीराजशास्त्री | ||
| 730 | _aधर्मशास्त्रीय निर्णय | ||
| 942 | _cBOOK | ||
| 999 |
_c1242207 _d1242204 |
||